000 00869nam a22001937a 4500
003 BD-DhUL
005 20160823111006.0
008 160823b1973 bg ||||| |||| 000 0 b d
040 _aBD-DhUL
_cBD-DhUL
082 _a338.9
_bLUA
100 _aলুইস,ডব্লিউ আর্থার
245 _aঅর্থনৈতিক পরিকল্পনা ও তার মূলনীতি /
_cডব্লিউ আর্থার লুইস ; অনুবাদক মোহাম্মদ তোফাজ্জল হোসেন
260 _aঢাকা :
_bবাংলা একাডেমী,
_c১৯৭৩.
300 _a১৯৫পৃ: ;
_c২০ সেমি.
650 _aঅর্থনীতি
650 _aEconomic.
700 _aহোসেন, মোহাম্মদ তোফাজ্জল
_eঅনু
942 _2ddc
_cBK
999 _c100784
_d100784